| 000 | 01168nam a2200277 a 4500 | ||
|---|---|---|---|
| 001 | 3327066 | ||
| 003 | OSt | ||
| 005 | 20150622103539.0 | ||
| 008 | 850409s1967 sz i000 0 eng | ||
| 010 | _a 84229646 | ||
| 020 | _a9280502867 | ||
| 040 |
_aDLC _cDLC _dDLC |
||
| 050 | 0 | 0 |
_aK1557.A41891 _bA2 1967 |
| 082 | 0 | 0 |
_a346.0488 MAD _219 |
| 130 | 0 |
_aMadrid Agreement Concerning the International Registration of Marks _d(1891) _91586 |
|
| 245 | 1 | 0 | _aMadrid Agreement Concerning the International Registration of Marks, of April 14, 1891. |
| 260 |
_aGeneva : _bUnited International Bureaux for the Protection of Intellectual Property, _c1996. |
||
| 300 |
_a24 p. ; _c21 cm. |
||
| 500 | _aCover title. | ||
| 500 | _a"260 (E)" | ||
| 500 | _a"As revised at Brussels on December 14, 1900, at Washington on June 2, 1911, at The Hague on November 6, 1925, at London on June 2, 1934, at Nice on June 15, 1957, and at Stockholm on July 14, 1967." | ||
| 650 | 0 |
_aTrademarks (International law) _91324 |
|
| 710 | 2 |
_aUnited International Bureaux for the Protection of Intellectual Property. _91587 |
|
| 906 |
_a7 _bcbc _corignew _d3 _encip _f19 _gy-gencatlg |
||
| 942 |
_2ddc _cBK |
||
| 999 |
_c545 _d545 |
||